1259 1447 1354 1621 1083 1009 1075 1982 1003 1852 1920 1336 1819 1528 1867 1818 1498 1809 1752 1187 1022 1743 1574 1829 1900 1021 1042 1843 1808 1659 1675 1801 1742 1024 1039 1328 1408 1160 1795 1559 1670 1514 1937 1573 1728 1420 1709 1575 1831 1944 1811 1933 1342 1200 1082 1832 1338 1464 1703 1020 1268 1834 1661 1428 1007 1362 1643 1036 1387 1122 1996 1222 1300 1610 1723 1433 1069 1969 1675 1221 1768 1502 1878 1397 1776 1736 1474 1105 1643 1777 1345 1356 1477 1145 1721 1835 1951 1901 1876 BCNSPRNW ULIB Ver.6.0+V

เปลี่ยนเป็นภาษาไทย

Change to English
 แสดงรายละเอียดบรรณานุกรม
  กลับหน้าหลัก

Brief Record : Get Marc (ISO 2709) : E-mail record : QR code < ปิดหน้าต่าง
LEADER : 00000nam 2200000uu 4500
001    13399114284
003     ULIB
008    110411s||||||||th 000 0 tha d
020    9786161109806
060 04 WC100^bว237ค
100 0  วรยา เหลืองอ่อน
245 00 คู่มือการป้องกันควบคุมโรคติดต่ออุบัติใหม่สำหรับบุคลากรทางการแพทย์และสาธารณสุข/^cบรรณาธิการ : วรยา เหลืองอ่อน
260    นนทบุรี:^bสำนักโรคติดต่ออุบัติใหม่,^c2554
650  7 ไข้หวัดใหญ่สายพันธุ์ใหม่
650  7 โรคติดเชื้อเอนเทอโรไวรัส71
650  7 โรคติดต่อมือเท้าปาก
650  7 โรคระบบทางเดินหายใจ
710 1  กระทรวงสาธารณสุข.^bกรมควบคุมโรค.^bสำนักโรคติดต่ออุบัติใหม่.
945    ^p0^l0^i031330
945    ^p0^l0^i031331
945    ^p0^l0^i031332
995    ทศพร
999 ^a ใช้งานได้ทุกระบบ
รายการนี้ยังไม่มีแท็ก
คุณยังไม่ได้ล็อกอิน คุณสามารถมีกิจกรรมร่วมกับเว็บไซต์ได้ แต่ต้องล็อกอินก่อน ::
  ล็อกอิน

รายการสื่อสารสนเทศ

ลำดับที่ ประเภท เลขเรียก/บาร์โค้ด สถานที่ สถานะ
1. วิทยาศาสตร์การแพทย์ และสุขภาพ
หนังสือสำรอง
สถานะ=หนังสือสำรอง
WC100 ว237ค ฉ.1 
  Barcode: 031330
ห้องสมุดวิทยาเขตสวรรค์ประชารักษ์
►ส่วนจัดเก็บหนังสือเก่า สปร
บนชั้น
  ขอยืม
2. วิทยาศาสตร์การแพทย์ และสุขภาพ
วิทยาศาสตร์การแพทย์ และสุขภาพ
WC100 ว237ค ฉ.2 
  Barcode: 031331
ห้องสมุดวิทยาเขตสวรรค์ประชารักษ์
►ส่วนจัดเก็บหนังสือเก่า สปร
บนชั้น
  ขอยืม

รายการใกล้เคียง
    ผู้แต่ง [วรยา เหลืองอ่อน]

    หัวเรื่อง [ไข้หวัดใหญ่สายพันธุ์ใหม่]
    หัวเรื่อง [โรคติดเชื้อเอนเทอโรไวรัส71]
    หัวเรื่อง [โรคติดต่อมือเท้าปาก]
    หัวเรื่อง [โรคระบบทางเดินหายใจ]

BibComment


ยังไม่เคยถูกคอมเมนท์

คอมเมนท์ทรัพยากรรายการนี้
  คอมเมนท์: คู่มือการป้องกันค..


 Copyright 2026. Bcnsprnw @Library